Statistics for HOW WELL DO YOU KNOW GRACE😎

Click here to take the quiz!

General Stats

  • This quiz has been taken 2 times
  • The average score is 5 of 14

Answer Stats

Month of BirthSeptember% Correct
Day of birth26
100%
Favourite colourBlue
100%
Fish or Meat?Fish
100%
Who in my family eats the most at a roast dinner?Joe
100%
Favourite animalGiraffe
50%
Favourite fruit to talk aboutPineapple
50%
What do I want to be when I’m older?Architect
0%
Favourite artistAriana Grande
0%
Favourite chocolate barBounty
0%
Favourite materialMarble
0%
Favourite subject at schoolPE
0%
Future dog breedPomeranian
0%
Favourite picture by the aboveStarry night
0%
Favourite painterVan Gogh
0%

Score Distribution

Percentile by Number Answered

Percent of People with Each Score

Your Score History

You have not taken this quiz